Una tipología de sistema de producción ganadera: primera aproximación /

Salvato in:
Dettagli Bibliografici
Ente Autore: Equipo de Gandería, DEA-UNAM
Natura: testo
Tags: Aggiungi Tag
Nessun Tag, puoi essere il primo ad aggiungerne!!

MARC

LEADER 00000 a a2200000 04500
001 43476
003
040
110 |a Equipo de Gandería, DEA-UNAM  
245 |a Una tipología de sistema de producción ganadera:   |b primera aproximación /  |c Equipo de Gandería, DEA-UNAM  
773 |g páginas 136-170  
999 |c 27846  |d 27846